000 00436nam a22001937a 4500
003 OSt
005 20210902102651.0
008 210902b |||||||| |||| 00| 0 eng d
020 _aISBN 0-444-50184-3
040 _cHU
050 _a1
082 _a532.51/HOF
100 _aE.J.Hoffman
_91312
245 _aUnsteady-stats Fluid Flow
250 _a1
260 _aNEW YORK
_bELSEVIER
_c1999
300 _a473
942 _2ddc
_cBOOKS
_n0
999 _c1599
_d1599